[Event "Figueira da Foz op 14th"]
[Site "Figueira da Foz"]
[Date "2020.10.30"]
[Round "8"]
[White "Stella, Andrea"]
[Black "Varela la Madrid, Tilsia Carolin"]
[Result "1-0"]
[WhiteElo "2457"]
[BlackElo "2060"]
[PlyCount "99"]
[EventDate "2020.10.24"]
[EventType "swiss"]
[EventRounds "9"]
[EventCountry "POR"]
[SourceTitle "CBM 199 Extra"]
[Source "ChessBase"]
[SourceDate "2021.01.31"]
[SourceVersion "1"]
[SourceVersionDate "2021.01.31"]
[SourceQuality "1"]

1. d4 d5 2. c4 c6 3. Nf3 Nf6 4. Nbd2 Bf5 5. Nh4 Bg6 6. Qb3 Qb6 7. Qh3 Nbd7 8. Nxg6 fxg6 9. e3 0-0-0 10. c5 Qc7 11. f4 e6 12. Be2 Kb8 13. b4 Re8 14. 0-0 Be7 15. a4 Ka8 16. b5 Nb8 17. Nb3 Ne4 18. Bd3 Bf6 19. Qf3 g5 20. Bxe4 dxe4 21. Qxe4 gxf4 22. exf4 Qd7 23. Be3 Qd5 24. Qc2 g5 25. fxg5 Bxg5 26. Bxg5 Qxg5 27. Rae1 h5 28. Na5 Qg7 29. Qe4 Qd7 30. bxc6 Nxc6 31. Nxc6 bxc6 32. Rf2 h4 33. Ref1 h3 34. Rf7 Qd5 35. Qxd5 exd5 36. gxh3 Rxh3 37. Rf8 Rxf8 38. Rxf8+ Kb7 39. Rf4 Ra3 40. h4 Rxa4 41. h5 Ra3 42. Kg2 a5 43. h6 Ra2+ 44. Kg3 Re2 45. h7 Re8 46. Kg4 a4 47. Kg5 Ka6 48. Rf7 Rh8 49. Kg6 a3 50. Rf3 1-0

[Event "Figueira da Foz op 14th"]
[Site "Figueira da Foz"]
[Date "2020.10.28"]
[Round "6"]
[White "Varela la Madrid, Tilsia Carolin"]
[Black "Loeffler, Stefan"]
[Result "1-0"]
[WhiteElo "2060"]
[BlackElo "2352"]
[PlyCount "75"]
[EventDate "2020.10.24"]
[EventType "swiss"]
[EventRounds "9"]
[EventCountry "POR"]
[SourceTitle "CBM 199 Extra"]
[Source "ChessBase"]
[SourceDate "2021.01.31"]
[SourceVersion "1"]
[SourceVersionDate "2021.01.31"]
[SourceQuality "1"]

1. e4 Nf6 2. e5 Nd5 3. c4 Nb6 4. d4 d6 5. f4 dxe5 6. fxe5 Bf5 7. Nf3 e6 8. Nc3 Bb4 9. Be2 c5 10. a3 Bxc3+ 11. bxc3 Nc6 12. 0-0 Rc8 13. a4 Na5 14. Ba3 Nbxc4 15. Bxc5 Qd5 16. Bxc4 Nxc4 17. a5 Nb2 18. Qd2 Nd3 19. Ba3 h6 20. Bd6 Rc6 21. Ne1 Nxe1 22. Rfxe1 Kd7 23. Qb2 Kc8 24. Ra4 Bd3 25. Rb4 Rc4 26. Re3 Rxb4 27. cxb4 Bb5 28. Rg3 Rg8 29. h3 Bc6 30. Bc5 a6 31. Qf2 Qd7 32. Bd6 f5 33. d5 exd5 34. Qa7 Qf7 35. Qb8+ Kd7 36. Qc7+ Ke6 37. Rg6+ Qxg6 38. Qe7# 1-0

[Event "Figueira da Foz op 14th"]
[Site "Figueira da Foz"]
[Date "2020.10.25"]
[Round "2"]
[White "Varela la Madrid, Tilsia Carolin"]
[Black "Fernandes, Rui Miguel"]
[Result "1-0"]
[WhiteElo "2060"]
[BlackElo "1027"]
[PlyCount "63"]
[EventDate "2020.10.24"]
[EventType "swiss"]
[EventRounds "9"]
[EventCountry "POR"]
[SourceTitle "CBM 199 Extra"]
[Source "ChessBase"]
[SourceDate "2021.01.31"]
[SourceVersion "1"]
[SourceVersionDate "2021.01.31"]
[SourceQuality "1"]

1. e4 c6 2. d4 d5 3. Nc3 dxe4 4. Nxe4 Bf5 5. Ng3 Bg6 6. h4 h6 7. h5 Bh7 8. Nf3 e6 9. Bd3 Bxd3 10. Qxd3 Nd7 11. Bf4 Ngf6 12. 0-0-0 Nd5 13. Bd2 Bd6 14. Ne4 N7f6 15. g3 Nxe4 16. Qxe4 Qf6 17. c4 Nc7 18. c5 Be7 19. Bf4 Bd8 20. Be5 Qf5 21. Qxf5 exf5 22. Bxg7 Rg8 23. Bxh6 f6 24. Bf4 Ne6 25. Bd6 Nc7 26. Nh4 Ne6 27. Nxf5 Kf7 28. h6 b5 29. a3 Rc8 30. Rde1 Bc7 31. h7 Rh8 32. Nh6+ 1-0

[Event "Online Olym Div3 D"]
[Site "Chess.com INT"]
[Date "2020.08.08"]
[Round "4.4"]
[White "Kakulidis, Ellen"]
[Black "Varela la Madrid, Tilsia Carolin"]
[Result "0-1"]
[WhiteElo "2059"]
[BlackElo "2060"]
[PlyCount "146"]
[EventDate "2020.08.07"]
[EventType "team-tourn (rapid)"]
[EventRounds "9"]
[EventCountry "USA"]
[SourceTitle "CBM 198"]
[Source "ChessBase"]
[SourceDate "2020.10.31"]
[SourceVersion "1"]
[SourceVersionDate "2020.10.31"]
[SourceQuality "1"]
[WhiteTeam "Denmark"]
[BlackTeam "Venezuela"]
[WhiteTeamCountry "DEN"]
[BlackTeamCountry "VEN"]

1. d4 d5 2. c4 c6 3. Nf3 Nf6 4. g3 dxc4 5. Bg2 Ne4 6. 0-0 Nd6 7. Ne5 g6 8. Qc2 Be6 9. Na3 Bg7 10. Rd1 0-0 11. Naxc4 Nxc4 12. Nxc4 Na6 13. a3 Nc7 14. b4 Qc8 15. Bb2 Rd8 16. Ne5 Nb5 17. e3 Bh3 18. Rac1 Bxg2 19. Kxg2 Qe6 20. a4 Nd6 21. Nd3 Qd5+ 22. Kg1 Rac8 23. Nc5 h5 24. h4 f5 25. Nd3 Ne4 26. Nf4 Qf7 27. Qc4 Qxc4 28. Rxc4 Kf7 29. Kf1 e5 30. Ne2 Nd6 31. Rcc1 e4 32. Nf4 Bf8 33. Ke2 Ne8 34. b5 cxb5 35. axb5 Nd6 36. b6 axb6 37. Ba3 Nb5 38. Bxf8 Rxf8 39. Kd2 Nd6 40. Nd5 b5 41. Rb1 Rc6 42. Rdc1 Rfc8 43. Rxc6 bxc6 44. Nb4 Ke6 45. Rc1 Nc4+ 46. Ke2 Kd6 47. Rd1 Ra8 48. d5 c5 49. Nc6 Ra2+ 50. Kf1 Nd2+ 51. Kg1 Kxd5 52. Ne7+ Ke6 53. Nxg6 c4 54. Nf4+ Kf7 55. Nd5 Rb2 56. Rc1 b4 57. Nb6 c3 58. Nd5 Nf3+ 59. Kg2 Ne5 60. Nxb4 Rxb4 61. Rxc3 Rb2 62. Rc7+ Kf6 63. Rh7 Kg6 64. Rc7 Ng4 65. Rc6+ Kf7 66. Rc5 Rxf2+ 67. Kg1 Rf3 68. Rc7+ Ke8 69. Rh7 Rxg3+ 70. Kf1 Nf6 71. Rh6 Kf7 72. Kf2 Rg8 73. Ke2 Kg7 0-1